Gazdasági tendenciák a posztkommunista világban
Elmentve itt :
| Szerző: | |
|---|---|
| Adatforrás: | Meister |
| Forrásdokumentuma: | A Hét. - 44 sz., 1993, 14-15 p. |
| Nyelv: | magyar |
| Kulcsszavak: | közgazdaság rendszerváltás kommunizmus & posztkommunizmus |
| LEADER | 00422nab a2200145 i 4500 | ||
|---|---|---|---|
| 001 | bibPRO00005019 | ||
| 008 | 060524s1993 xx hun | ||
| 040 | |a Sz1 | ||
| 041 | |a hun | ||
| 100 | 1 | |a KORNAI János | |
| 245 | 1 | 0 | |a Gazdasági tendenciák a posztkommunista világban |c KORNAI János |
| 695 | |a közgazdaság | ||
| 695 | |a rendszerváltás | ||
| 695 | |a kommunizmus & posztkommunizmus | ||
| 773 | 0 | |t A Hét. - |g 44 sz., 1993, 14-15 p. | |